Countries with First Vowel 'U' - Statistics

General Stats
  • This quiz has been taken 1,028 times
    1,019 since last reset
  • The average score is 23 of 28
Answer Stats
Con Country % Correct
eu United Kingdom
95%
so Uruguay
93%
no United States
92%
af Uganda
90%
as Uzbekistan
89%
oc Tuvalu
88%
as United Arab Emirates
87%
no Cuba
86%
so Guyana
86%
eu Ukraine
86%
eu Russia
85%
so Suriname
85%
as Turkey
84%
eu Bulgaria
83%
eu Hungary
82%
as Turkmenistan
82%
af Burundi
81%
as Bhutan
80%
no Guatemala
80%
eu Luxembourg
80%
af Sudan
79%
af Guinea
76%
af Tunisia
76%
af Burkina Faso
75%
as Kuwait
75%
af Guinea-Bissau
74%
as Brunei
73%
as Burma
41%
No matching quizzes found
Score Distribution
Percent of People with Each Score
Percentile by Number Answered
Your Score History
You have not taken this quiz since the last reset